000 00977cad a22002175a 4500
001 L145545
008 081021s2008 xxka e 000 0 eng d
035 _a(Sirsi) u145545
041 0 _aeng
050 0 4 _a711.1 $2 18
110 2 _aUnited Kingdom
_bPlanning Portal
_94908
245 0 0 _aHouseholders guide
_h[electronic resource]
260 _aLondon
_bPlanning Portal
_c2008
520 _aThis interactive guide provides introductory advice on the planning implications of common household projects and directs readers to the relevant sections of the Planning Portal website for further research.
521 _aIntroductory
590 _aKA NTK
651 4 _aEngland and Wales
_y1543-
690 _aENVIRONMENTAL AND LAND CONSULTANCY-PLANNING AND DEVELOPMENT-DEVELOPMENT CONTROL-PLANNING APPLICATIONS
856 4 0 _uhttps://www.planningportal.gov.uk/england/genpub/en/1115311947777.html
_zView the item free of charge online at www.planningportal.gov.uk...
942 _n0
999 _c108819
_d108819